000
00245nam a2200109Ia 4500
005
20251222144805.0
008
251222s9999||||xx |||||||||||||| ||spa||
082
_a
379.2/T22
245
0
_a
PolĂticas Educativas:
264
_b
Tarea
942
_c
LIB
999
_c
19885
_d
19885